Tovaroznalectvo pre 2. a 3. ročník stredných škôl pre pracujúcich : Študijný odbor prevádzka obchodu, zameranie na vnútorný obchod /

Hlavní autor: Strecký, Jozef, 1935-
Další autoři: Szemesová, Mária, Müller, Ladislav
Jazyk: Slovenština
Vydáno: Bratislava : Slovenské pedagogické nakladateľstvo, 1981
Vydání: 1. vyd.
Fyzický popis: 386 s. + 2 příl.
Knihy
Uloženo v:
LEADER 00963nam a22002412a 4500
001 001128647
003 CZ BrMZK
005 20110607103222.0
007 ta
008 101119s1981 xo er|||||||||||slo d
040 |a ABA001  |b cze  |c ABA001  |d ABA001  |d BOA001 
080 9 |a 620.2:658.628(075.3):373.57 
100 1 |a Strecký, Jozef,  |d 1935-  |7 xx0010094  |4 aut 
245 1 0 |a Tovaroznalectvo pre 2. a 3. ročník stredných škôl pre pracujúcich :  |b Študijný odbor prevádzka obchodu, zameranie na vnútorný obchod /  |c Jozef Strecký, Mária Szemesová, Ladislav Müller 
250 |a 1. vyd. 
260 |a Bratislava :  |b Slovenské pedagogické nakladateľstvo,  |c 1981 
300 |a 386 s. +  |e 2 příl. 
700 1 |a Szemesová, Mária  |7 jx20040202003  |4 aut 
700 1 |a Müller, Ladislav  |7 jx20041206025  |4 aut 
910 |a BOA001  |b 2-0837.189 
990 |a BK 
991 |b 201011 
996 7 |b 2619392100  |c 2-0837.189  |l MZK  |r Sklad / do 1 hodiny  |n 0  |w 001157621  |u 000010  |a 1  |e BOA001  |j MZK50  |s A